MARC details
| 000 -CABECERA |
| campo de control de longitud fija |
01436nam a2200313 a 4500 |
| 001 - NÚMERO DE CONTROL |
| campo de control |
000014109 |
| 005 - FECHA Y HORA DE LA ÚLTIMA TRANSACCIÓN |
| campo de control |
20250701121838.0 |
| 008 - DATOS DE LONGITUD FIJA--INFORMACIÓN GENERAL |
| campo de control de longitud fija |
091204s2009 dr 000 0 spa d |
| 020 ## - NÚMERO INTERNACIONAL ESTÁNDAR DEL LIBRO |
| Número Internacional Estándar del Libro |
9789945406979 |
| 040 ## - FUENTE DE LA CATALOGACIÓN |
| Centro catalogador/agencia de origen |
DO-SdBNP |
| Lengua de catalogación |
spa |
| Centro/agencia transcriptor |
BNPHU |
| 082 ## - NÚMERO DE LA CLASIFICACIÓN DECIMAL DEWEY |
| Número de clasificación |
100 |
| Número de documento/Ítem |
V297p |
| 100 1# - ENTRADA PRINCIPAL--NOMBRE DE PERSONA |
| Nombre de persona |
Vargas Peña, Daniel |
| 9 (RLIN) |
31927 |
| 245 10 - MENCIÓN DE TÍTULO |
| Título |
Al paso de los sabios : |
| Resto del título |
senderos de la filosofía / |
| Mención de responsabilidad, etc. |
Daniel Vargas Peña. |
| 260 ## - PUBLICACIÓN, DISTRIBUCIÓN, ETC. |
| Lugar de publicación, distribución, etc. |
Santo Domingo : |
| Nombre del editor, distribuidor, etc. |
SEESCyT, |
| Fecha de publicación, distribución, etc. |
2009. |
| 300 ## - DESCRIPCIÓN FÍSICA |
| Extensión |
483 p. ; |
| Dimensiones |
23 cm. |
| 490 1# - MENCIÓN DE SERIE |
| Mención de serie |
Humanidades |
| 490 1# - MENCIÓN DE SERIE |
| Mención de serie |
Filosofía |
| Designación de volumen o secuencia |
1 |
| 500 ## - NOTA GENERAL |
| Nota general |
Incluye referencias bibliográficas y notas al pie de las páginas |
| 504 ## - NOTA DE BIBLIOGRAFÍA, ETC. |
| Nota de bibliografía, etc. |
Bibliografía : p. 467-476 |
| 505 0# - NOTA DE CONTENIDO CON FORMATO |
| Nota de contenido con formato |
El desafío del filosofar -- |
| Título |
Raíces del engaño -- |
| -- |
Lo humano, la ética y la educación -- |
| -- |
El sistema ético-moral: últimos hallazgos -- |
| -- |
La vocación trascendentes humana -- |
| -- |
Filosofía y técnica -- |
| -- |
Paseo por la historia de la filosofía |
| 590 ## - NOTA LOCAL (RLIN) |
| Nota local |
Inventariado, 2018 /LP |
| 650 #4 - PUNTO DE ACCESO ADICIONAL DE MATERIA--TÉRMINO DE MATERIA |
| Término de materia o nombre geográfico como elemento de entrada |
Historia de la filosofía |
| Subdivisión general |
Ensayos, conferencias, etc. |
| 9 (RLIN) |
31928 |
| 650 #4 - PUNTO DE ACCESO ADICIONAL DE MATERIA--TÉRMINO DE MATERIA |
| Término de materia o nombre geográfico como elemento de entrada |
Sabiduría |
| Subdivisión general |
Ensayos, conferencias, etc. |
| 9 (RLIN) |
31929 |
| 650 #4 - PUNTO DE ACCESO ADICIONAL DE MATERIA--TÉRMINO DE MATERIA |
| Término de materia o nombre geográfico como elemento de entrada |
Engaño |
| Subdivisión general |
Ensayos, conferencias, etc. |
| 9 (RLIN) |
31930 |
| 650 #4 - PUNTO DE ACCESO ADICIONAL DE MATERIA--TÉRMINO DE MATERIA |
| Término de materia o nombre geográfico como elemento de entrada |
Filosofía |
| Subdivisión general |
Aspectos morales y éticos |
| 9 (RLIN) |
31931 |
| 710 1# - PUNTO DE ACCESO ADICIONAL--NOMBRE DE ENTIDAD CORPORATIVA |
| Nombre de entidad corporativa o nombre de jurisdicción como elemento de entrada |
República Dominicana. |
| Unidad subordinada |
Secretaría de Estado de Educación Superior, Ciencia y Tecnología |
| 9 (RLIN) |
18778 |
| 830 #0 - PUNTO DE ACCESO ADICIONAL DE SERIE-TÍTULO UNIFORME |
| Título uniforme |
Humanidades |
| Nombre de parte o sección de la obra |
Filosofía |
| Número de parte o sección de la obra |
1 |
| 9 (RLIN) |
31932 |
| 910 ## - DATOS DE OPCIÓN DEL USUARIO (OCLC) |
| Datos de opción del usuario |
Validado. Control de calidad MMOLINA |